| 000 | 01354nam0a22002531 4500 | ||
|---|---|---|---|
| 001 | rc\4561507 | ||
| 005 | 20250611194952.0 | ||
| 035 | _a(NLR Aleph) 008369936 | ||
| 090 |
_a9051207 _c9051207 |
||
| 100 | _a20130416d1965 |||y0rusy50 ca | ||
| 101 | 0 | _arus | |
| 102 | _aRU | ||
| 105 | _ay z ||||| | ||
| 200 | 1 |
_aПовышение надежности и долговечности ходовых систем гусеничных сельскохозяйственных тракторов _eТезисы доклада... _fН.Н. Латышенко _gГос. ком. автотракт. и с.-х. машиностроения при Госплане СССР. Гос. союзный науч.-исслед. тракт. ин-т. НАТИ. ОНТИ. Отраслевая науч.-техн. конференция по повышению долговечности тракторов и самоходных шасси, их агрегатов и узлов (июнь 1965 г.) |
|
| 210 |
_aМосква _cБ. и. _d1965 |
||
| 215 |
_a[1], 5 с. _d30 |
||
| 300 | _aОтпеч. множит. аппаратом | ||
| 333 | _aДля служебного пользования. Экз. № 00004 | ||
| 700 | 1 |
_aЛатышенко _bН.Н. |
|
| 801 | 0 |
_aRU _bNLR _gpsbo |
|
| 801 | 1 |
_aRU _bELAR _2rusmarc |
|
| 852 |
_aNLR _j65-9/239 |
||
| 942 | _cBOOK | ||
| 980 | _aNB | ||